000 00782nam a22002297a 4500
003 UA-OsUOA
001 43882
007 ta
008 20070129b un ||||| |||| 00| 0 ukr d
090 _a323.2(477)
942 _cBK
040 _aUA-OsUOA
_bukr
_cUA-OsUOA
_dUA-OsUOA
245 _aПослання президента України до Верховної Ради України
_bПро внутрішнє і зовнішнє становище України у 2005 році
300 _a182 с.
955 _a4
041 _aukr
080 _a323.2(477)
020 _a966-7773-97-3
260 _aК.
_bІнформаційно-видавничий центр Держкомстату України
_c2005
650 7 _a32 Політика
_2UDC
999 _c330001
_d330001